| 000 | 02383nam a2200457 c 4500 | ||
|---|---|---|---|
| 999 |
_c56365 _d56365 |
||
| 003 | BLK | ||
| 005 | 20231222085950.0 | ||
| 008 | 180408b bul|||||r ||||||| ||bul|| | ||
| 010 | _aKNG00060345000 | ||
| 040 | _aBLK | ||
| 041 |
_aBUL _cBUL |
||
| 072 | 7 |
_2bullib _aК _xКраезнание |
|
| 080 |
_aПериод на кризата на феодализма, зараждане на капиталистически отношения. Възраждане на българския народ (II пол. на ХVIII в. - 1878 г.) _b94(497.2)"1750/1878" _x(092)(031) _z94(497.2)"1750/1878"(092)(031) |
||
| 080 |
_aБиографии _b929 _z929 |
||
| 100 | 1 |
_aАврамова, Румяна _eпърви автор _9286832 |
|
| 139 |
_aБългарска възрожденска интелигенция _bБ 92 |
||
| 245 | 1 | 0 |
_aБългарската възрожденска интелигенция _bУчители, свещеници, монаси, висши духовници, художници, лекари, аптекари, писатели, издатели, книжари, търговци, военни... : Енциклопедия _cРумяна Аврамова; състав. Николай Генчев; състав. Красимира Даскалова; предг. от Николай Генчев. |
| 257 | _aBGR | ||
| 260 |
_bД-р Петър Берон _c1988 _aСофия |
||
| 300 |
_a740 с. _bс ил. _c30 см |
||
| 380 | _a9 | ||
| 500 | _aГеогр. показалец | ||
| 650 | 4 |
_aИнтелигенция - България - история _9249768 |
|
| 650 | 4 |
_aВъзраждане - България _9243355 |
|
| 653 | _aинтелигенция | ||
| 653 | _aВъзраждане | ||
| 653 | _aистория | ||
| 653 | _aБългария | ||
| 653 | _aенциклопедии | ||
| 659 | _aК | ||
| 700 | 1 |
_aГенчев, Николай _eсъстав. _gНиколов, Николай Генчев _9364614 |
|
| 700 | 1 |
_aДаскалова, Красимира _eсъстав. _9286833 |
|
| 700 | 1 |
_aГенчев, Николай _eпредг. от _gНиколов, Николай Генчев _9364614 |
|
| 852 | _aЦб ІІ 7257 | ||
| 856 | 4 | _qpdf | |
| 856 | 4 | _qpdf | |
| 942 |
_cKNG _n0 _07 _s1 |
||
| 944 |
_aCR _c13.06.2004 _k30530 _lМинев Младен |
||
| 944 |
_aED _c19.02.2013 |
||
| 999 | _d56365 | ||